Biología 1 : los organismos vivientes y su ambiente /

Guardado en:
Autor Principal: Zarur, Pedro
Formato: Libro
Publicado: Buenos Aires : Plus Ultra, 1987
Edición:18a. ed.
Materias:
Etiquetas: Agregar Etiqueta
Sin Etiquetas, Sea el primero en etiquetar este registro!
LEADER 01888nam a22003735a 4500
001 CEM.cems006740
008 130507s1987##################000#0#####d
005 20240813093606.0
245 1 0 |a Biología 1 :  |b los organismos vivientes y su ambiente /  |c Pedro Zarur 
250 |a 18a. ed. 
260 |a Buenos Aires :  |b Plus Ultra,  |c 1987 
300 |a 253 p. 
505 0 |a Panorama ecológico -- El ciclo de la materia y el flujo de la energía -- Individuo y población -- La biosfera -- Taller didáctico 
100 1 |a Zarur, Pedro 
082 0 4 |a 574 
653 |a Biología 
653 |a Biología 1er. año 
653 |a Hombre-ambientes adversos 
653 |a Parques nacionales argentinos 
859 |a CEMS  |b BIB. CEMS - 11 de abril  |h 574  |i Z19a18  |p 13547.85  |t Ej.1  |v I  |3 I 
859 |a CEMS  |b BIB. CEMS - Agricultura  |h 574  |i Z19a18  |p A13551.85  |t Ej.1  |v I  |3 I 
859 |a CEMS  |b BIB. CEMS - 11 de abril  |h 574  |i Z19a18  |p 13548.85  |t Ej.2  |v I  |3 I 
859 |a CEMS  |b BIB. CEMS - Agricultura  |h 574  |i Z192  |p A15205.88  |t Ej.2  |v I  |3 I 
859 |a CEMS  |b BIB. CEMS - 11 de abril  |h 574  |i Z19a18  |p 13549.85  |t Ej.3  |v I  |3 I 
859 |a CEMS  |b BIB. CEMS - 11 de abril  |h 574  |i Z19a18  |p 13550.85  |t Ej.4  |v I  |3 I 
859 |a CEMS  |b BIB. CEMS - 11 de abril  |h 574  |i Z19a18  |p 15134.88  |t Ej.6  |v I  |3 I 
859 |a CEMS  |b BIB. CEMS - 11 de abril  |h 574  |i Z19a18  |p 15135.88  |t Ej.7  |v I  |3 I 
859 |a CEMS  |b BIB. CEMS - 11 de abril  |h 574  |i Z19a18  |p 15200.88  |t Ej.8  |v I  |3 I 
859 |a CEMS  |b BIB. CEMS - 11 de abril  |h 574  |i Z19a18  |p 15561.89  |t Ej.10  |v I  |3 I 
859 |a CEMS  |b BIB. CEMS - 11 de abril  |h 574  |i Z19a18  |p 15562.89  |t Ej.11  |v I  |3 I 
859 |a CEMS  |b BIB. CEMS - 11 de abril  |h 574  |i Z19a18  |p 15563.89  |t Ej.12  |v I  |3 I 
859 |a CEMS  |b BIB. CEMS - 11 de abril  |h 574  |i Z19a18  |p 15575.89  |t Ej.13  |v I  |3 I 
859 |a CEMS  |b BIB. CEMS - 11 de abril  |h 574  |i Z19a18  |p 15576.89  |t Ej.14  |v I  |3 I 
859 |a CEMS  |b BIB. CEMS - 11 de abril  |h 574  |i Z19a18  |p 17909.94  |t Ej.15  |v I  |3 I